| 000 | 00323nam a22001337a 4500 | ||
|---|---|---|---|
| 020 | _a978-0-140-34989-3 | ||
| 082 |
_a823 _bDAH/J |
||
| 100 | _aROALD DAHL | ||
| 245 | _aJAMES AND THE GIANT PEACH | ||
| 260 |
_aUNITED KINGDOM _bPUFFIN BOOKS _c2013 |
||
| 300 | _a150 | ||
| 650 |
_aCHILDREN'S STORY BOOK _zUNITED KINGDOM |
||
| 942 | _cBK | ||
| 999 |
_c45 _d45 |
||